<?xml version="1.0" encoding="UTF-8"?>
<collection xmlns:xsi="http://www.w3.org/2001/XMLSchema-instance" xsi:schemaLocation="http://www.loc.gov/MARC21/slim http://www.loc.gov/standards/marcxml/schema/MARC21slim.xsd" xmlns="http://www.loc.gov/MARC21/slim">
 <record>
  <leader>00000cmm a22000004i 4500</leader>
  <controlfield tag="001">UP-99796217613686062</controlfield>
  <controlfield tag="003">Buklod</controlfield>
  <controlfield tag="005">20210504143201.0</controlfield>
  <controlfield tag="006">m    |o  d |      </controlfield>
  <controlfield tag="007">cr || |||a|a|a</controlfield>
  <controlfield tag="008">210504s2001    dcu        u        eng d</controlfield>
  <datafield tag="020" ind1=" " ind2=" ">
   <subfield code="a">9780841218505 (eISBN)</subfield>
  </datafield>
  <datafield tag="035" ind1=" " ind2=" ">
   <subfield code="a">(iLib)UPD-00523176081</subfield>
  </datafield>
  <datafield tag="040" ind1=" " ind2=" ">
   <subfield code="a">DLC</subfield>
   <subfield code="d">DENGII</subfield>
   <subfield code="e">rda</subfield>
  </datafield>
  <datafield tag="041" ind1=" " ind2=" ">
   <subfield code="a">eng</subfield>
  </datafield>
  <datafield tag="084" ind1=" " ind2=" ">
   <subfield code="a">QD 79 C45</subfield>
   <subfield code="b">G37 2001eb</subfield>
  </datafield>
  <datafield tag="245" ind1="0" ind2="0">
   <subfield code="a">Gas chromatography-olfactometry</subfield>
   <subfield code="b">the state of the art</subfield>
   <subfield code="c">Jane V. Leland [and three others], editors.</subfield>
  </datafield>
  <datafield tag="264" ind1=" " ind2="1">
   <subfield code="a">Washington, DC</subfield>
   <subfield code="b">American Chemical Society</subfield>
   <subfield code="c">[2001]</subfield>
  </datafield>
  <datafield tag="300" ind1=" " ind2=" ">
   <subfield code="a">1 online resource.</subfield>
  </datafield>
  <datafield tag="336" ind1=" " ind2=" ">
   <subfield code="a">text</subfield>
   <subfield code="2">rdacontent</subfield>
  </datafield>
  <datafield tag="337" ind1=" " ind2=" ">
   <subfield code="a">computer</subfield>
   <subfield code="2">rdamedia</subfield>
  </datafield>
  <datafield tag="338" ind1=" " ind2=" ">
   <subfield code="a">online resource</subfield>
   <subfield code="2">rdacarrier</subfield>
  </datafield>
  <datafield tag="505" ind1="8" ind2=" ">
   <subfield code="a">Machine generated contents note: 1. Advances in Gas Chromatography-Olfactometry1 -- A. R. Mayol and T. E. Acree -- 2. Application of Gas Chromatography-Olfactometry -- to Flavor Creation 1 -- Hisakatsu Iwabuchi, Yuriko Imayoshi, Yasue Yoshida, -- and Hiroshi Saeki -- 3. Characterization of the Odor-Active Constituents -- in Fresh and Processed Hops (variety Spalter Select)23 -- Peter Schieberle and Martin Steinhaus -- 4. Application of a Comparative Aroma Extract -- Dilution Analysis to Monitor Changes in Orange -- Juice Aroma Compounds during Processing 33 -- A. Buettner and P. Schieberle -- 5. Trace Compound Analysis for Off-Flavor -- Characterization of Micromilled Milk Powder 46 -- Martin Preininger and Frank Ullrich -- 6. Tequilas: Charm Analysis of Blanco, Reposado, -- and Anejo Tequilas6 62 -- Mercedes G. L6pez and Jean Pierre Dufour -- 7. Aroma Active Internal Standards for Gas -- Chromatography-Olfactometry of Grapefruit Juices73 -- Russell Rouseff, Prashanthi Jella, Rusty Bazemore, -- and Jing-jing Yang -- 8. SPME and GC-AED-Olfactometry for the Detection -- of Trace Odorants in Essential Oils 88 -- S. Grant Wyllie, Kerry-Ann Merry, and David N. Leach -- 9. The Identification of Aroma Compounds in Key -- Lime Oil Using Solid-Phase Microextraction -- and Gas Chromatography-Olfactometry100 -- M. G. Chisholm, M. A. Wilson, G. M. Gaskey, J. A. Jell, and -- D. M. Cass, Jr. -- 10. SPME Analysis of Flavor Components in the -- Headspace of Scotch Whiskey and Their Subsequent -- Correlation with Sensory Perception 113 -- John Conner, Kenneth Reid, and Graeme Richardson -- 11. Solid-Phase Microextraction Combined with Gas -- Chromatography-Olfactometry for Analysis -- of Cheese Aroma123 -- Jean-Pierre Dufour, P. Delbecq, and L. Perez Albela -- 12. Aroma Extract Dilution Analysis versus -- Aroma Extract Concentration Analysis138 -- W. Grosch, R. Kerscher, J. Kubickova, and T. Jagella -- 13. Selecting Standards for Gas Chromatography- -- O lfactom etry148 -- Jane E. Friedrich, Terry E. Acree, and Edward H. Lavin -- 14. Limitations in the Use of Odor Activity Values -- to Determine Important Odorants in Foods156 -- Val6rie Audouin, Florence Bonnet, Zata M. Vickers, -- and Gary A. Reineccius -- 15. Odor Intensity Measurements in Gas Chromatography- -- Olfactometry Using Cross Modality Matching: -- Evaluation of Training Effects172 -- G. Callement, M. Bouchet, D. Langlois, P. Eti6vant, -- and C. Salles -- 16. Aroma of Roasted Sesame Oil: Characterization -- by Direct Thermal Desorption-Gas Chromatography- -- Olfactometry and Sample Dilution Analysis 187 -- Keith R. Cadwallader and Jeong Heo -- AuthorIndex203 -- Subject Index204.</subfield>
  </datafield>
  <datafield tag="506" ind1=" " ind2=" ">
   <subfield code="a">IP based subscription, on campus and remote access.</subfield>
   <subfield code="c">Access via Electronic Resources of the UPD Engineering Library and University Library websites.</subfield>
  </datafield>
  <datafield tag="533" ind1=" " ind2=" ">
   <subfield code="a">Electronic reproduction.</subfield>
   <subfield code="b">Washington, DC</subfield>
   <subfield code="c">American Chemical Society</subfield>
   <subfield code="d">2001.</subfield>
   <subfield code="n">Available via World Wide Web through ACS.</subfield>
  </datafield>
  <datafield tag="650" ind1=" " ind2="0">
   <subfield code="a">Gas chromatography</subfield>
   <subfield code="v">Congresses.</subfield>
  </datafield>
  <datafield tag="650" ind1=" " ind2="0">
   <subfield code="a">Olfactometry</subfield>
   <subfield code="v">Congresses.</subfield>
  </datafield>
  <datafield tag="650" ind1=" " ind2="0">
   <subfield code="a">Electronic books.</subfield>
  </datafield>
  <datafield tag="700" ind1="1" ind2=" ">
   <subfield code="a">Leland, Jane V.</subfield>
   <subfield code="e">editor.</subfield>
  </datafield>
  <datafield tag="856" ind1="4" ind2="0">
   <subfield code="z">Available for University of the Philippines Diliman via ACS Publications. Click here to access</subfield>
   <subfield code="u">https://pubs.acs.org/doi/book/10.1021/bk-2001-0782</subfield>
  </datafield>
  <datafield tag="856" ind1="4" ind2="0">
   <subfield code="z">Also available remotely for University of the Philippines Diliman via ACS Publications. Click here to access thru EZproxy</subfield>
   <subfield code="u">https://pubs.acs.org.ezproxy.engglib.upd.edu.ph/doi/book/10.1021/bk-2001-0782</subfield>
  </datafield>
  <datafield tag="856" ind1=" " ind2=" ">
   <subfield code="z">(viewed 04 May 2021)</subfield>
  </datafield>
  <datafield tag="905" ind1=" " ind2=" ">
   <subfield code="a">FO</subfield>
  </datafield>
  <datafield tag="852" ind1="0" ind2=" ">
   <subfield code="a">UPD</subfield>
   <subfield code="b">DENG-II</subfield>
  </datafield>
  <datafield tag="942" ind1=" " ind2=" ">
   <subfield code="a">Electronic Resource</subfield>
  </datafield>
 </record>
</collection>
